[Event "Arab-ch U16"]
[Site "Baghdad"]
[Date "2022.03.11"]
[Round "2"]
[White "Zaid, Alaa Chasib"]
[Black "Al Zadjali, Abdul Rahman"]
[Result "1/2-1/2"]
[WhiteElo "1898"]
[BlackElo "1769"]
[PlyCount "85"]
[EventDate "2022.03.10"]
[EventType "swiss"]
[EventRounds "9"]
[EventCountry "IRQ"]
[SourceTitle "EXT 2023"]
[Source "ChessBase"]
[SourceDate "2022.10.05"]
[SourceVersion "1"]
[SourceVersionDate "2022.10.05"]
[SourceQuality "1"]

1. e4 c5 2. Nc3 Nc6 3. g3 g6 4. Bg2 Bg7 5. Nge2 e6 6. d3 Nge7 7. Be3 Nd4 8. 0-0 d5 9. exd5 exd5 10. Nf4 Be6 11. Nxe6 Nxe6 12. Ne2 d4 13. Bd2 Nd5 14. f4 f5 15. c4 Ne7 16. Nc1 Qd7 17. Re1 Kf7 18. b4 Rac8 19. Nb3 b6 20. a4 Rhe8 21. b5 Kg8 22. a5 Nc7 23. axb6 axb6 24. Ra7 Qd6 25. Qf3 Ra8 26. Qb7 Rxa7 27. Qxa7 Nc8 28. Rxe8+ Nxe8 29. Qb7 Qc7 30. Qxc7 Nxc7 31. Nxc5 bxc5 32. Ba5 Ne6 33. b6 Nxb6 34. Bxb6 Bf8 35. Kf2 Kf7 36. Ke2 Bd6 37. Kd2 h6 38. Bd5 Kf6 39. Ke2 g5 40. fxg5+ hxg5 41. Bxe6 Kxe6 42. Bd8 g4 43. Bg5 1/2-1/2

[Event "Online Olym Div2 B"]
[Site "Chess.com INT"]
[Date "2021.09.04"]
[Round "9.5"]
[White "Rychagov, Nikita1111"]
[Black "Zaid, Alaa Chasib"]
[Result "1-0"]
[WhiteElo "1985"]
[BlackElo "1814"]
[PlyCount "57"]
[EventDate "2021.09.02"]
[EventType "team (rapid)"]
[EventRounds "9"]
[EventCountry "USA"]
[SourceTitle "CBM 204 Extra"]
[Source "ChessBase"]
[SourceDate "2021.11.30"]
[SourceVersion "1"]
[SourceVersionDate "2021.11.30"]
[SourceQuality "1"]
[WhiteTeam "Estonia"]
[BlackTeam "Iraq"]
[WhiteTeamCountry "EST"]
[BlackTeamCountry "IRQ"]

1. e4 c6 2. d4 d5 3. e5 Bf5 4. Nf3 e6 5. Be2 Nd7 6. 0-0 c5 7. Be3 Qb6 8. Nc3 Qxb2 9. Nb5 Kd8 10. Ng5 Nh6 11. c4 a6 12. Nd6 Bxd6 13. exd6 f6 14. g4 fxg5 15. gxf5 Nxf5 16. Bxg5+ Nf6 17. dxc5 Qe5 18. Qd2 Kd7 19. Rab1 Rab8 20. Qa5 b6 21. Qxa6 Qxe2 22. Qa7+ Ke8 23. Qxb8+ Kf7 24. Qb7+ Kg6 25. Rb3 Kxg5 26. Rg3+ Kf4 27. cxd5 exd5 28. d7 Nxg3 29. Qc7+ 1-0